00470 2200193 4500001002100000005001500021008004100036020002200077035001900099041000700118082000800125090001400133100002100147245002000168250000900188260002700197300002500224650002700249INLIS00000000000455620241224112932241224||||||||| | ||| |||| || |  a978-979-29-5029-8 0010-1224004556 aid0 a790 a790 MAR P0 aMARULI PARDAMEAN00aPLAY WITH SMART aED 1 bRAPHA PUBLISHINGc2015 ax+350 HAL,; 19X19 CM 0aILMU SENI DAN OLAHRAGA